| 000 | 01347nam0a2200325 i 4500 | ||
|---|---|---|---|
| 001 | RU\NLR\bibl\2070674 | ||
| 005 | 20240723111936.0 | ||
| 010 |
_a9785389055254 _95000 |
||
| 021 |
_aRU _b2013-61886 _94250 |
||
| 035 | _a(NLR Aleph) 002057002 | ||
| 090 |
_a4668666 _c4668666 |
||
| 100 | _a20130910d2013 u y0rusy50 ca | ||
| 101 | 0 | _arus | |
| 102 | _aRU | ||
| 105 | _aa ||||||||| | ||
| 200 | 1 |
_aКнига знаний в вопросах и ответах _eдинозавры, древний мир, изобретения, звезды и планеты _e[для детей старшего школьного возраста _fавт. текста Уэнди Мадгуик, Робин Керрод _gпер. с англ. Мария Диденко и др. _gхудож. Питер Булл и др.] |
|
| 210 |
_aМосква _cМахаон _d2013 |
||
| 215 |
_a160 с. _cцв. ил. _d28 |
||
| 300 | _aАвт. указаны на обороте тит. л. | ||
| 320 | _aУказ.: с. 158-160 | ||
| 686 |
_aШ9 _bЯ20 |
||
| 700 | 1 |
_aМадгуик _bУ. _gУэнди _4070 |
|
| 701 | 1 |
_aКеррод _bР. _gРобин _4070 |
|
| 702 | 1 |
_aБулл _bП. _gПитер _4040 |
|
| 801 | 0 |
_aRU _bNLR _c20130910 _gRCR |
|
| 801 | 1 |
_aRU _bNLR _c20130910 |
|
| 942 | _cBOOK | ||
| 980 | _aNBR | ||